000 01156nam a2200289Ia 4500
003 OSt
005 20221005105913.0
006 a|||||r|||| 00| 0
007 ta
008 GUJ
020 _a8126019034 (hbk)
_c500
024 _a91956
037 _b535, 19/03/2009, Vani Prakashan
_cTextual
040 _aCRL
_cCRL
_bGUJ
041 _2GUJ
_aGUJ
082 _aO156,3NMA,AA, 152P5
100 _aमेकवान, जोसेफ़
245 0 _aआंगलियात
246 _aĀangaliyāta
260 _aनई दिल्ली
_bसाहित्य अकादेमी भारत
_c2005
300 _a184पृ0
_ccm.
490 _aसाहित्य अकादेमी पुरस्कार प्राप्त गुजराती उपन्यास
650 _aगुजराती साहित्य
700 _a शर्मा, मदन मोहन, अनु.
_9623997
942 _hO156,3NMA,AA, 152P5
_cTEXL
_2cc
999 _c1017242
_d1017242